00307nam a2200133Ia 45000030006000000080041000060400015000471000015000622450023000772500010001002600034001105460012001440050017001560STCL150530s9999 xx 000 0 und d aSTCLcSTCL aJohn Hicks aCapital and growth aFirst bOxford University pressc1969 aEnglish20220125165619.0